Thủy Hử (Hai tập) T.1

Sparad:
Bibliografiska uppgifter
Huvudupphovsman: Thi, Nại Am
Övriga upphovsmän: Trần, Tuấn Khải
Materialtyp: Bok
Språk:Vietnamese
Publicerad: Tp.Hồ Chí Minh Văn Hóa Sài Gòn 2009
Ämnen:
Taggar: Lägg till en tagg
Inga taggar, Lägg till första taggen!
Thư viện lưu trữ: Trung tâm Học liệu Lê Vũ Hùng, Trường Đại học Đồng Tháp
LEADER 00853aam a22002418a 4500
001 00028981
005 20171026081023.0
008 120427s2009 ||||||viesd
020 |c 98000 
041 0 # |a vie 
082 1 # |a 895.1  |b TH523H 
100 1 # |a Thi, Nại Am 
245 1 0 |a Thủy Hử  |b (Hai tập)  |c Thi Nại Am; Trần Tuấn Khải dịch  |n T.1 
260 # # |a Tp.Hồ Chí Minh  |b Văn Hóa Sài Gòn  |c 2009 
300 # # |a 684tr.  |c 24cm. 
650 # 4 |a Văn học trung đại  |x Tiểu thuyết  |z Trung Quốc 
653 # # |a Văn học Trung Quốc 
700 1 # |a Trần, Tuấn Khải 
852 # # |b Kho mượn  |j KM.0013890, KM.0014052 
852 # # |b Kho đọc  |j KD.0013408 
852 # # |j KD.0013408  |j KM.0014052 
910 |d 27/04/2012 
980 # # |a Trung tâm Học liệu Lê Vũ Hùng, Trường Đại học Đồng Tháp